Scientific uncertainty and information /
Guardado en:
| Autor Principal: | |
|---|---|
| Formato: | Libro |
| Idioma: | English |
| Publicado: |
New York :
Academic Press,
1964.
|
| Etiquetas: |
Agregar Etiqueta
Sin Etiquetas, Sea el primero en etiquetar este registro!
|
| LEADER | 01174cam a22001815 4500 | ||
|---|---|---|---|
| 001 | MAT.inmabb001819 | ||
| 008 | 750213s1964####nyua#####b####001#0#eng#d | ||
| 005 | 20170615115656.0 | ||
| 245 | 1 | 0 | |a Scientific uncertainty and information / |c by Leon Brillouin. |
| 260 | |a New York : |b Academic Press, |c 1964. | ||
| 300 | |a xiv, 164 p. : |b il. ; |c 24 cm. | ||
| 504 | |a Incluye referencias bibliográficas en cada capítulo, y una lista de libros publicados por L. Brillouin. | ||
| 505 | 8 | |a Capítulos: I. Thermodynamics, statistics, and information -- II. The importance of scientific laws -- III. Mathematical theorems and physical theories -- IV. Imagination and invention in a theory -- V. The opinions of Planck, Bohr, and Schrödinger -- VI. The arrow of time -- VII. Causality and determinism; empirical limitations -- VIII. Weaknesses and limitations of mechanics -- IX. Poincaré and the shortcomings of the Hamilton-Jacobi method for classical or quantized mechanics -- X. Examples of uncertainty in classical mechanics. | |
| 510 | 4 | |a MR, |c 30 #3 | |
| 100 | 1 | |a Brillouin, Léon, |d 1889-1969. | |
| 084 | |a 01.60 (94.20) |2 MR | ||
| 010 | |a 64019689 | ||
| 859 | |h 01 |i B857 |p A-3283 |b BIB. MATEMATICA | ||
